UBT Library

War, peace, and Christianity : (Record no. 39664)

000 -LEADER
fixed length control field 00835cam a2200265 a 4500
001 - CONTROL NUMBER
control field 15879006
005 - DATE AND TIME OF LATEST TRANSACTION
control field 20180104040809.0
008 - FIXED-LENGTH DATA ELEMENTS--GENERAL INFORMATION
fixed length control field 090824s2010 ilu b 000 0 eng
010 ## - LIBRARY OF CONGRESS CONTROL NUMBER
LC control number 2009035013
020 ## - INTERNATIONAL STANDARD BOOK NUMBER
International Standard Book Number 9781433513831 (tpb)
020 ## - INTERNATIONAL STANDARD BOOK NUMBER
International Standard Book Number 9781433524196 (ebk)
020 ## - INTERNATIONAL STANDARD BOOK NUMBER
International Standard Book Number 9781433513848 (pdf)
020 ## - INTERNATIONAL STANDARD BOOK NUMBER
International Standard Book Number 1433513838 (tpk)
040 ## - CATALOGING SOURCE
Original cataloging agency DLC
Transcribing agency DLC
Modifying agency DLC
041 ## - LANGUAGE CODE
Language code of text/sound track or separate title eng
080 ## - UNIVERSAL DECIMAL CLASSIFICATION NUMBER
Universal Decimal Classification number 261.873
082 00 - DEWEY DECIMAL CLASSIFICATION NUMBER
Classification number 261.873 CHA
Edition number 22
100 1# - Rafti
Rafti 19
101 ## - Shkurtesa
Shkurtesa SHP
245 10 - TITLE STATEMENT
Title War, peace, and Christianity :
Statement of responsibility, etc J. Daryl Charles and Timothy J. Demy.
504 ## - BIBLIOGRAPHY, ETC. NOTE
Bibliography, etc Includes bibliographical references (p. 399-406) and two indexes.
906 ## - LOCAL DATA ELEMENT F, LDF (RLIN)
a 7
b cbc
c orignew
d 1
e ecip
f 20
g y-gencatlg
942 ## - ADDED ENTRY ELEMENTS (KOHA)
Source of classification or shelving scheme
Item type Books
Holdings
Withdrawn status Lost status Source of classification or shelving scheme Damaged status Not for loan Collection code Permanent location Current location Shelving location Date acquired Total Checkouts Full call number Barcode Date last seen Price effective from Koha item type
          Koleksioni i përgjithshem UBT - Lipjan UBT - Lipjan Koleksioni i përgjithshem 01/04/2018   261.873 CHA 002-2994344 01/04/2018 01/04/2018 Books
UBT Library © 2015-2024. All rights reserved University Education for Business and Technology